| 000 -LEADER |
| fixed length control field |
00792pam a2200241 a 4500 |
| 001 - CONTROL NUMBER |
| control field |
4015916 |
| 005 - DATE AND TIME OF LATEST TRANSACTION |
| control field |
20240415124522.0 |
| 008 - FIXED-LENGTH DATA ELEMENTS--GENERAL INFORMATION |
| fixed length control field |
970417s2010 nyua b 001 0 eng c |
| 020 ## - INTERNATIONAL STANDARD BOOK NUMBER |
| International Standard Book Number |
9780443069789x |
| 041 ## - LANGUAGE CODE |
| Language code of text/sound track or separate title |
eng |
| 080 ## - UNIVERSAL DECIMAL CLASSIFICATION NUMBER |
| Universal Decimal Classification number |
616.8 N-50 |
| 100 1# - MAIN ENTRY--PERSONAL NAME |
| Personal name |
Lindsay, Kenneth W. |
| 9 (RLIN) |
8710 |
| 245 10 - TITLE STATEMENT |
| Title |
Neurology and neurosurgery illustrated / |
| Statement of responsibility, etc. |
Kenneth W. Lindsay, Ian Bone, Geraint Fuller and more. |
| 250 ## - EDITION STATEMENT |
| Edition statement |
3rd ed. |
| 264 ## - PRODUCTION, PUBLICATION, DISTRIBUTION, MANUFACTURE, AND COPYRIGHT NOTICE |
| Place of production, publication, distribution, manufacture |
New York : |
| Name of producer, publisher, distributor, manufacturer |
Churchill Livingstone, |
| Date of production, publication, distribution, manufacture, or copyright notice |
1997. |
| 300 ## - PHYSICAL DESCRIPTION |
| Extent |
599 p. : |
| Other physical details |
ill. ; |
| Dimensions |
25 cm. |
| 653 ## - INDEX TERM--UNCONTROLLED |
| keyword |
ნეიროლოგია |
| 653 ## - INDEX TERM--UNCONTROLLED |
| keyword |
მედიცინა |
| 653 ## - INDEX TERM--UNCONTROLLED |
| keyword |
ნეიროქირურგია |
| 700 1# - ADDED ENTRY--PERSONAL NAME |
| Personal name |
Bone, Ian |
| 9 (RLIN) |
8716 |
| Relator term |
ავტორი |
| 700 1# - ADDED ENTRY--PERSONAL NAME |
| Personal name |
Fuller, Geraint |
| Relator term |
ავტორი |
| 9 (RLIN) |
21716 |
| 942 ## - ADDED ENTRY ELEMENTS (KOHA) |
| Source of classification or shelving scheme |
|
| Koha item type |
წიგნი |